| 000 | 01053nam1a22002291i 4500 | ||
|---|---|---|---|
| 001 | rc\4606792 | ||
| 005 | 20260406231757.0 | ||
| 035 | _a(NLR Aleph) 008391346 | ||
| 090 |
_a9179275 _c9179275 |
||
| 100 | _a20130416d1966 |||y0rusy50 ca | ||
| 101 | 0 | _arus | |
| 102 | _aRU | ||
| 105 | _a z ||||| | ||
| 200 | 1 |
_aМетодика выполнения курского проекта по курсу "Технология производства клееных материалов плит" _fСост. доц., канд. техн. наук И.А. Отлев _gБрян. технол. ин-т. Кафедра технологии производства древесных материалов. Разд. 2- |
|
| 210 |
_aБрянск _cБ. и. _d1966 |
||
| 215 | _d20 | ||
| 700 | 1 |
_aОтлев _bИ.А. _gИван Александрович _4220 |
|
| 712 | 0 | 2 |
_aБрянский технологический институт _3RU\NLR\AUTH\889984414 _9464531 |
| 801 | 0 |
_aRU _bNLR _gpsbo |
|
| 801 | 1 |
_aRU _bELAR _2rusmarc |
|
| 852 |
_aNLR _j68-4/1563 |
||
| 942 | _cBOOK | ||